Graph analysis and visualization : discovering business opportunity in linked data /

Graph Analysis and Visualization brings graph theory out of the lab and into the real world. Using sophisticated methods and tools that span analysis functions, this guide shows you how to exploit graph and network analytic techniques to enable the discovery of new business insights and opportunitie...

Πλήρης περιγραφή

Λεπτομέρειες βιβλιογραφικής εγγραφής
Κύριοι συγγραφείς: Brath, Richard (Συγγραφέας), Jonker, David (Συγγραφέας)
Μορφή: Ηλ. βιβλίο
Γλώσσα:English
Έκδοση: Indianapolis, IN : John Wiley & Sons, [2015]
Θέματα:
Διαθέσιμο Online:Full Text via HEAL-Link
LEADER 04374nam a2200781 4500
001 ocn899704109
003 OCoLC
005 20170124070526.7
006 m o d
007 cr |||||||||||
008 141119s2015 inu o 001 0 eng d
040 |a UKMGB  |b eng  |e pn  |c UKMGB  |d OCLCO  |d N$T  |d TEFOD  |d YDXCP  |d E7B  |d CDX  |d RECBK  |d UNBCA  |d OCLCF  |d IDEBK  |d COO  |d OSU  |d B24X7  |d DG1  |d TEFOD  |d EBLCP  |d OCLCQ  |d DEBBG  |d OCLCQ  |d KSU  |d OCLCQ  |d GrThAP 
016 7 |a 017002573  |2 Uk 
016 7 |a 017001044  |2 Uk 
019 |a 901191006 
020 |a 9781118845875  |q (electronic bk.) 
020 |a 1118845870  |q (electronic bk.) 
020 |a 1118845692  |q (electronic bk.) 
020 |a 9781118845691  |q (electronic bk.) 
020 |a 1322776180  |q (electronic bk.) 
020 |a 9781322776187  |q (electronic bk.) 
020 |a 9781119183662  |q (electronic bk.) 
020 |a 1119183669  |q (electronic bk.) 
020 |a 1118845846 
020 |a 9781118845844 
020 |z 9781118845844 
029 1 |a AU@  |b 000054412895 
029 1 |a CHNEW  |b 000712436 
029 1 |a CHVBK  |b 335009549 
029 1 |a DEBBG  |b BV042744472 
029 1 |a DEBBG  |b BV042988267 
029 1 |a DEBBG  |b BV043397424 
029 1 |a NZ1  |b 15824237 
035 |a (OCoLC)899704109  |z (OCoLC)901191006 
037 |a B4025006-C3BE-4F9C-A1CC-38D4B44E4CA8  |b OverDrive, Inc.  |n http://www.overdrive.com 
050 4 |a T57.85 
072 7 |a BUS  |x 082000  |2 bisacsh 
072 7 |a BUS  |x 041000  |2 bisacsh 
072 7 |a BUS  |x 042000  |2 bisacsh 
072 7 |a BUS  |x 085000  |2 bisacsh 
082 0 4 |a 658.4032  |2 23 
049 |a MAIN 
100 1 |a Brath, Richard,  |e author. 
245 1 0 |a Graph analysis and visualization :  |b discovering business opportunity in linked data /  |c Richard Brath, David Jonker. 
264 1 |a Indianapolis, IN :  |b John Wiley & Sons,  |c [2015] 
300 |a 1 online resource (xxii, 513 pages) 
336 |a text  |b txt  |2 rdacontent 
337 |a computer  |b c  |2 rdamedia 
338 |a online resource  |b cr  |2 rdacarrier 
588 0 |a CIP data; item not viewed. 
500 |a Includes index. 
505 0 |a Why Graphs? -- A Graph for Every Problem -- Data: Collect, Clean, and Connect -- Stats and Layout -- Visual Attributes -- Explore and Explain -- Point-and-Click Graph Tools -- Lightweight Programming -- Relationships -- Hierarchies -- Communities -- Flows -- Spatial Networks -- Big Data -- Dynamic Graphs -- Design. 
520 |a Graph Analysis and Visualization brings graph theory out of the lab and into the real world. Using sophisticated methods and tools that span analysis functions, this guide shows you how to exploit graph and network analytic techniques to enable the discovery of new business insights and opportunities. Published in full color, the book describes the process of creating powerful visualizations using a rich and engaging set of examples from sports, finance, marketing, security, social media, and more. You will find practical guidance toward pattern identification and using various data sources, including Big Data, plus clear instruction on the use of software and programming. The companion website offers data sets, full code examples in Python, and links to all the tools covered in the book. Science has already reaped the benefit of network and graph theory, which has powered breakthroughs in physics, economics, genetics, and more. This book brings those proven techniques into the world of business, finance, strategy, and design, helping extract more information from data and better communicate the results to decision-makers.--Provided by publisher. 
650 0 |a Network analysis (Planning) 
650 0 |a Graph theory  |x Data processing. 
650 0 |a Business  |x Data processing. 
650 7 |a BUSINESS & ECONOMICS  |x Industrial Management.  |2 bisacsh 
650 7 |a BUSINESS & ECONOMICS  |x Management.  |2 bisacsh 
650 7 |a BUSINESS & ECONOMICS  |x Management Science.  |2 bisacsh 
650 7 |a BUSINESS & ECONOMICS  |x Organizational Behavior.  |2 bisacsh 
650 7 |a Business  |x Data processing.  |2 fast  |0 (OCoLC)fst00842293 
650 7 |a Graph theory  |x Data processing.  |2 fast  |0 (OCoLC)fst00946587 
650 7 |a Network analysis (Planning)  |2 fast  |0 (OCoLC)fst01036221 
655 4 |a Electronic books. 
700 1 |a Jonker, David,  |e author. 
776 0 8 |i Print version:  |z 9781118845844 
856 4 0 |u https://doi.org/10.1002/9781119183662  |z Full Text via HEAL-Link 
994 |a 92  |b DG1